KOHA-Header-6

Wireless Communications & Networks (Record no. 489)

000 -LEADER
fixed length control field 00424nam a2200157Ia 4500
003 - CONTROL NUMBER IDENTIFIER
control field OSt
005 - DATE AND TIME OF LATEST TRANSACTION
control field 20190918202126.0
008 - FIXED-LENGTH DATA ELEMENTS--GENERAL INFORMATION
fixed length control field 190722s9999 xx 000 0 und d
020 ## - INTERNATIONAL STANDARD BOOK NUMBER
International Standard Book Number 978-0133594171
040 ## - CATALOGING SOURCE
Transcribing agency maju
100 ## - MAIN ENTRY--PERSONAL NAME
Personal name William Stallings
245 #0 - TITLE STATEMENT
Title Wireless Communications & Networks
260 ## - PUBLICATION, DISTRIBUTION, ETC. (IMPRINT)
Place of publication, distribution, etc New Delhi
Name of publisher, distributor, etc Pearson (Indian Ed.) Pvt. Ltd. Dorling Kindersley Pvt. Ltd.
Date of publication, distribution, etc 2013
300 ## - PHYSICAL DESCRIPTION
Extent 596
942 ## - ADDED ENTRY ELEMENTS (KOHA)
Koha item type Books
Source of classification or shelving scheme
Holdings
Withdrawn status Lost status Source of classification or shelving scheme Damaged status Not for loan Collection code Permanent Location Current Location Shelving location Date acquired Full call number Barcode Date last seen Price effective from Koha item type
          Electrical Engineering MAJU MAJU Shelf No.A25 2019-07-22 621.382 7115 2019-07-22 2019-07-22 Electrical Engineering

Powered by Koha